CSR and opinion research on global solidarity

Využívanie množstva zdrojov našej planéty ľudstvom. Neudržateľný trend nadrozmerného využívania zdrojov a jeho dopad na budúce generácie. Charakteristika firemnej sociálnej zodpovednosti, neprihliadanie firiem iba na vlastné zisky. Realizovaný výskum na túto problematiku. Globálna solidarita.

Salvato in:
Dettagli Bibliografici
Autore principale: Vokounová, Dana, 1962-
Altri autori: Vilčeková, Lucia
Natura: Capitolo di libro
Lingua:inglese
Soggetti:
Tags: Aggiungi Tag
Nessun Tag, puoi essere il primo ad aggiungerne!!

MARC

LEADER 00000naa$a2200000$$$4500
001 0072317
005 20240502071845.7
041 0 |a eng 
044 |a SK 
245 1 0 |a CSR and opinion research on global solidarity  |c Dana Vokounová, Lucia Vilčeková 
520 |a Využívanie množstva zdrojov našej planéty ľudstvom. Neudržateľný trend nadrozmerného využívania zdrojov a jeho dopad na budúce generácie. Charakteristika firemnej sociálnej zodpovednosti, neprihliadanie firiem iba na vlastné zisky. Realizovaný výskum na túto problematiku. Globálna solidarita. 
610 2 0 |a zodpovednosť spoločenská 
610 2 0 |a výskum 
610 2 0 |a zdroje surovinové 
610 2 0 |a pomoc medzinárodná 
610 2 0 |a solidarita globálna 
100 1 |a Vokounová, Dana, 1962- 
700 1 |a Vilčeková, Lucia